[Event "Titled Tuesday intern op 16th Apr Late"]
[Site "Chess.com INT"]
[Date "2024.04.16"]
[Round "9"]
[White "Bartholomew, John"]
[Black "Eljanov, Pavel"]
[Result "1/2-1/2"]
[WhiteElo "2446"]
[BlackElo "2706"]
[PlyCount "124"]
[EventDate "2024.04.16"]
[EventType "swiss (blitz)"]
[EventRounds "11"]
[EventCountry "USA"]
[SourceTitle "CB17_2024"]
[SourceDate "2024.04.24"]
[SourceVersion "1"]
[SourceVersionDate "2024.04.24"]
[SourceQuality "1"]

1. Nf3 d5 2. d4 Nf6 3. c4 e6 4. Bg5 h6 5. Bxf6 Qxf6 6. Nc3 c6 7. Qb3 Nd7 8. g3 Be7 9. Bg2 0-0 10. 0-0 dxc4 11. Qxc4 e5 12. d5 Nb6 13. Qb3 cxd5 14. Nxd5 Nxd5 15. Qxd5 Be6 16. Qxe5 Rac8 17. Rac1 Bxa2 18. Ra1 Bc4 19. Rxa7 Ba6 20. b4 Bxb4 21. Qxf6 gxf6 22. Nh4 Rc7 23. Rb1 Bc5 24. Raxb7 Bxb7 25. Rxb7 Rxb7 26. Bxb7 Rb8 27. Be4 Rb4 28. Bd3 h5 29. Kg2 Kf8 30. Nf5 Ra4 31. h4 Ra5 32. Be4 Bb6 33. Bd3 Ke8 34. Kf3 Kd7 35. Kg2 Bc5 36. Ng7 Bf8 37. Nf5 Ke6 38. Nd4+ Kd5 39. Nf5 Ke5 40. Kf3 Ra4 41. Kg2 Ra3 42. Ne3 Rc3 43. Nc4+ Ke6 44. Ne3 Bc5 45. Nf5 Ke5 46. Ng7 Bf8 47. Nxh5 Bh6 48. Kf3 f5 49. Kg2 f6 50. Kf3 Ra3 51. Kg2 Rb3 52. Kf3 Rb8 53. e3 Rb2 54. Nf4 Bxf4 55. exf4+ Ke6 56. Ke3 Rb4 57. Bc2 Rb6 58. Bd3 Rd6 59. Bc4+ Ke7 60. Bd3 Ke6 61. Bc4+ Ke7 62. Bd3 Ke6 1/2-1/2

[Event "Titled Tuesday intern op 16th Apr Late"]
[Site "Chess.com INT"]
[Date "2024.04.16"]
[Round "4"]
[White "Eljanov, Pavel"]
[Black "Janaszak, Dawid"]
[Result "1-0"]
[WhiteElo "2706"]
[BlackElo "2308"]
[PlyCount "65"]
[EventDate "2024.04.16"]
[EventType "swiss (blitz)"]
[EventRounds "11"]
[EventCountry "USA"]
[SourceTitle "CB17_2024"]
[SourceDate "2024.04.24"]
[SourceVersion "1"]
[SourceVersionDate "2024.04.24"]
[SourceQuality "1"]

1. Nf3 g6 2. d4 Nf6 3. c4 Bg7 4. Nc3 0-0 5. e4 d6 6. Be2 e5 7. 0-0 exd4 8. Nxd4 Re8 9. f3 c6 10. Bf4 d5 11. cxd5 cxd5 12. Ndb5 Nh5 13. Bc7 Qg5 14. Nxd5 Nc6 15. f4 Qh4 16. Bxh5 gxh5 17. Nd6 Bg4 18. Qe1 Qxe1 19. Raxe1 Bxb2 20. Nxe8 Rxe8 21. f5 h4 22. h3 Bh5 23. Nf4 Bd4+ 24. Kh1 Rc8 25. Bd6 Rd8 26. Ba3 Bc3 27. Nxh5 Bxe1 28. Rxe1 Rd2 29. e5 Rxa2 30. Bd6 Rd2 31. Re4 b5 32. Rg4+ Kh8 33. Nf6 1-0

[Event "Titled Tuesday intern op 02nd Apr Early"]
[Site "Chess.com INT"]
[Date "2024.04.02"]
[Round "8"]
[White "Eljanov, Pavel"]
[Black "Nagare, Kaivalya Sandip"]
[Result "1-0"]
[WhiteElo "2706"]
[BlackElo "2074"]
[PlyCount "125"]
[EventDate "2024.04.02"]
[EventType "swiss (blitz)"]
[EventRounds "11"]
[EventCountry "USA"]
[SourceTitle "CB15_2024"]
[SourceDate "2024.04.10"]
[SourceVersion "1"]
[SourceVersionDate "2024.04.10"]
[SourceQuality "1"]

1. d4 Nf6 2. Nf3 g6 3. c4 Bg7 4. Nc3 0-0 5. e4 d6 6. Be2 e5 7. 0-0 Nc6 8. d5 Ne7 9. b4 a5 10. bxa5 Rxa5 11. a4 Nd7 12. Be3 f5 13. Ng5 Nf6 14. Qb3 fxe4 15. Ncxe4 Nf5 16. Nxf6+ Qxf6 17. Bd2 Nd4 18. Qd1 Ra8 19. Be3 Bf5 20. Bd3 h6 21. Ne4 Qh4 22. f3 Bd7 23. c5 dxc5 24. Nxc5 Bf5 25. Bxf5 Rxf5 26. Rb1 Rh5 27. h3 Nf5 28. Bf2 Qg5 29. Ne4 Qf4 30. g3 Rg5 31. Kh2 Rxg3 32. Bxg3 Nxg3 33. Nxg3 Rxa4 34. Kg2 e4 35. Qb3 Be5 36. fxe4 Ra2+ 37. Kh1 Qd2 38. d6+ Kh7 39. Rf7+ Bg7 40. Rxg7+ Kxg7 41. Nf5+ gxf5 42. Qg3+ Kf7 43. Rf1 Qxd6 44. Rxf5+ Ke8 45. Qg8+ Kd7 46. Qxa2 Qd1+ 47. Kh2 c6 48. Rf7+ Kc8 49. Rf2 Qd6+ 50. Kh1 Kc7 51. Qd2 Qe5 52. Qf4 Qxf4 53. Rxf4 b5 54. Rf6 b4 55. Kg2 b3 56. Rf3 b2 57. Rb3 Kd6 58. Rxb2 Ke5 59. Kf3 Kd4 60. Rd2+ Ke5 61. Rc2 c5 62. Rxc5+ Kd4 63. Rd5+ 1-0

[Event "Bundesliga 2324"]
[Site "Germany"]
[Date "2024.02.04"]
[Round "8.3"]
[White "Bluebaum, Matthias"]
[Black "Eljanov, Pavel"]
[Result "1/2-1/2"]
[WhiteElo "2668"]
[BlackElo "2695"]
[PlyCount "91"]
[EventDate "2023.10.21"]
[EventType "team-tourn"]
[EventRounds "15"]
[EventCountry "GER"]
[SourceTitle "CB06_2024"]
[SourceDate "2024.02.07"]
[SourceVersion "1"]
[SourceVersionDate "2024.02.07"]
[SourceQuality "1"]
[WhiteTeam "Deizisau"]
[BlackTeam "Muenchen Zugzwang"]
[WhiteTeamCountry "GER"]
[BlackTeamCountry "GER"]

1. Nf3 d5 2. e3 c5 3. b3 Nf6 4. Bb2 e6 5. d4 Nc6 6. Nbd2 Bd6 7. dxc5 Bxc5 8. a3 a5 9. Bd3 0-0 10. 0-0 b6 11. Qe2 Bb7 12. Rfd1 Qe7 13. c4 Rad8 14. cxd5 exd5 15. Nf1 Ne4 16. Ng3 Nxg3 17. hxg3 Bc8 18. Qc2 g6 19. Bb5 Na7 20. Be2 Nc6 21. Qc3 f6 22. Rd2 Be6 23. Rad1 Kg7 24. Qc1 h5 25. Bb5 Na7 26. Bd3 Nc6 27. Nh4 Bf7 28. Qb1 Qe8 29. Bb5 Qe6 30. Nf3 Ne5 31. Be2 Qe7 32. Nxe5 fxe5 33. b4 axb4 34. axb4 Bxb4 35. Bxe5+ Qxe5 36. Qxb4 Qd6 37. Qd4+ Qf6 38. Bf3 Rd6 39. Qb4 Rc6 40. Kh2 Rc4 41. Qb2 Rc5 42. Rb1 Rb8 43. Rd4 Rc4 44. Rd2 Rc5 45. Rd4 Rc4 46. Rd2 1/2-1/2

[Event "Bundesliga 2324"]
[Site "Germany"]
[Date "2024.01.13"]
[Round "5.1"]
[White "Eljanov, Pavel"]
[Black "Vachier Lagrave, Maxime"]
[Result "1/2-1/2"]
[WhiteElo "2695"]
[BlackElo "2727"]
[PlyCount "63"]
[EventDate "2023.10.21"]
[EventType "team-tourn"]
[EventRounds "15"]
[EventCountry "GER"]
[SourceTitle "CB03_2024"]
[SourceDate "2024.01.17"]
[SourceVersion "1"]
[SourceVersionDate "2024.01.17"]
[SourceQuality "1"]
[WhiteTeam "Muenchen Zugzwang"]
[BlackTeam "Baden-Baden"]
[WhiteTeamCountry "GER"]
[BlackTeamCountry "GER"]

1. d4 Nf6 2. c4 g6 3. g3 c6 4. Bg2 d5 5. Nf3 Bg7 6. cxd5 cxd5 7. Nc3 0-0 8. Ne5 Nc6 9. 0-0 Bf5 10. Be3 Rc8 11. Rc1 h5 12. Qb3 e6 13. Qxb7 Nxe5 14. dxe5 Ng4 15. Bxa7 h4 16. h3 Nxe5 17. g4 Bxg4 18. hxg4 Rc7 19. Qa6 h3 20. Bxh3 Qh4 21. Kg2 Nxg4 22. Nxd5 Rxc1 23. Rxc1 exd5 24. Rc8 Ne5 25. b3 d4 26. Qb7 Rxc8 27. Qxc8+ Kh7 28. Qb7 Qg5+ 29. Kf1 Qc1+ 30. Kg2 Qg5+ 31. Kf1 Qc1+ 32. Kg2 1/2-1/2

[Event "Chennai"]
[Site "Chennai"]
[Date "2023.12.20"]
[Round "6"]
[White "Gukesh, Dommaraju"]
[Black "Eljanov, Pavel"]
[Result "1/2-1/2"]
[WhiteElo "2720"]
[BlackElo "2691"]
[PlyCount "60"]
[EventDate "2023.12.15"]
[EventType "tourn"]
[EventRounds "7"]
[EventCountry "IND"]
[EventCategory "19"]
[SourceTitle "CB52_2023"]
[SourceDate "2023.12.27"]
[SourceVersion "1"]
[SourceVersionDate "2023.12.27"]
[SourceQuality "1"]

1. d4 Nf6 2. c4 e6 3. Nf3 d5 4. Nc3 c5 5. cxd5 cxd4 6. Qxd4 exd5 7. Bg5 Be7 8. e3 0-0 9. Be2 Nc6 10. Qd3 h6 11. Bh4 Be6 12. 0-0 Qb6 13. Nb5 Rac8 14. Nbd4 Bg4 15. h3 Bxf3 16. Bxf3 Nxd4 17. exd4 Rfe8 18. Rfe1 Ne4 19. Bxe7 Rxe7 20. Bxe4 dxe4 21. Rxe4 Rxe4 22. Qxe4 Qxb2 23. Re1 Rd8 24. Qe7 Qxd4 25. Qxb7 Qb6 26. Qxb6 axb6 27. Kf1 Rd2 28. Re2 Rd1+ 29. Re1 Rd2 30. Re2 Rd1+ 1/2-1/2

[Event "Titled Tuesday intern op 24th Oct Late"]
[Site "Chess.com INT"]
[Date "2023.10.24"]
[Round "7"]
[White "Eljanov, Pavel"]
[Black "Zhigalko, Sergei"]
[Result "1-0"]
[WhiteElo "2695"]
[BlackElo "2572"]
[PlyCount "83"]
[EventDate "2023.10.24"]
[EventType "swiss (blitz)"]
[EventRounds "11"]
[EventCountry "USA"]
[SourceTitle "Mega2024 Update 01"]
[Source "Chessbase"]
[SourceDate "2023.11.12"]
[SourceVersion "1"]
[SourceVersionDate "2023.11.12"]
[SourceQuality "1"]

1. d4 Nf6 2. Bf4 d5 3. e3 c5 4. Nf3 Nc6 5. Nbd2 cxd4 6. exd4 Bg4 7. c3 e6 8. Bb5 Bd6 9. Bxd6 Qxd6 10. 0-0 0-0 11. Re1 a6 12. Bd3 Rfc8 13. Qe2 Bh5 14. Qe3 Bg6 15. Bxg6 hxg6 16. Ne5 b5 17. a3 a5 18. b4 axb4 19. axb4 Qc7 20. Nd3 Ne7 21. Nc5 Nf5 22. Qd3 Nd6 23. g3 Nc4 24. Kg2 Qd8 25. h4 Rxa1 26. Rxa1 Ra8 27. Rxa8 Qxa8 28. Qc2 Ng4 29. Nxc4 bxc4 30. b5 Qb8 31. Qb2 Qb6 32. Na4 Qb8 33. b6 e5 34. b7 exd4 35. cxd4 Nf6 36. Qb5 c3 37. Nxc3 Kh7 38. Qc6 Qd8 39. Qc8 Qa5 40. b8Q g5 41. h5 g4 42. Qh8# 1-0

[Event "Titled Tuesday intern op 24th Oct Late"]
[Site "Chess.com INT"]
[Date "2023.10.24"]
[Round "8"]
[White "Sarana, Alexey"]
[Black "Eljanov, Pavel"]
[Result "1-0"]
[WhiteElo "2682"]
[BlackElo "2695"]
[PlyCount "193"]
[EventDate "2023.10.24"]
[EventType "swiss (blitz)"]
[EventRounds "11"]
[EventCountry "USA"]
[SourceTitle "Mega2024 Update 01"]
[Source "Chessbase"]
[SourceDate "2023.11.12"]
[SourceVersion "1"]
[SourceVersionDate "2023.11.12"]
[SourceQuality "1"]

1. d4 d5 2. c4 e6 3. Nc3 Nf6 4. Nf3 Nbd7 5. Qc2 Be7 6. cxd5 exd5 7. Bf4 c6 8. h3 Nf8 9. e3 Ng6 10. Bh2 Bd6 11. Bxd6 Qxd6 12. Bd3 Ne7 13. Ne5 g6 14. g4 h5 15. 0-0-0 Nd7 16. f4 Nxe5 17. fxe5 Qb4 18. a3 Qa5 19. Ne2 Bd7 20. gxh5 Rxh5 21. h4 0-0-0 22. Nf4 Rh6 23. h5 gxh5 24. Rxh5 Rxh5 25. Nxh5 Bg4 26. Be2 Bf5 27. Bd3 Bg4 28. Be2 Bf5 29. Qd2 Qxd2+ 30. Kxd2 Rg8 31. Rh1 Rh8 32. Rf1 Kd7 33. Ng7 Be6 34. Nxe6 fxe6 35. Rf2 Rh7 36. Bd3 Rg7 37. b4 Nc8 38. a4 a6 39. Rh2 Nb6 40. a5 Nc8 41. Rh8 Ne7 42. Rb8 Kc7 43. Rf8 Kd7 44. Be2 Rh7 45. Bg4 Rg7 46. Rf4 Ng8 47. Bh3 Ke7 48. Rh4 Rf7 49. Rh8 Rg7 50. Ke2 Kf7 51. Kf2 Ke7 52. Kf1 Kf7 53. Ke2 Ke7 54. Kf3 Kf7 55. Bg4 Ke7 56. Bh5 Kd7 57. Kf4 Ke7 58. e4 dxe4 59. Kxe4 Kd7 60. Kf4 Ne7 61. Bg4 Nd5+ 62. Kf3 Nxb4 63. Rh6 Re7 64. Ke4 Nd5 65. Kd3 Nf4+ 66. Kc4 Rg7 67. Bf3 Kc7 68. Be4 Re7 69. Rf6 Nd5 70. Rh6 Ne3+ 71. Kc5 Nd5 72. Bxd5 cxd5 73. Rg6 Kd7 74. Kb6 Rh7 75. Kxb7 Rh4 76. Rg7+ Kd8 77. Kc6 Rxd4 78. Kd6 Kc8 79. Ra7 Ra4 80. Rxa6 d4 81. Kxe6 d3 82. Rd6 Rxa5 83. Rxd3 Ra6+ 84. Ke7 Ra7+ 85. Kf6 Rh7 86. e6 Rh6+ 87. Kf7 Rh7+ 88. Kg6 Rh1 89. e7 Re1 90. Kf7 Rf1+ 91. Ke8 Rh1 92. Rc3+ Kb7 93. Rc4 Kb6 94. Kd7 Rd1+ 95. Ke6 Re1+ 96. Kf6 Rf1+ 97. Ke5 1-0

[Event "Titled Tuesday intern op 24th Oct Late"]
[Site "Chess.com INT"]
[Date "2023.10.24"]
[Round "3"]
[White "Toncheva, Nadya"]
[Black "Eljanov, Pavel"]
[Result "0-1"]
[WhiteElo "2253"]
[BlackElo "2695"]
[PlyCount "121"]
[EventDate "2023.10.24"]
[EventType "swiss (blitz)"]
[EventRounds "11"]
[EventCountry "USA"]
[SourceTitle "Mega2024 Update 01"]
[Source "Chessbase"]
[SourceDate "2023.11.12"]
[SourceVersion "1"]
[SourceVersionDate "2023.11.12"]
[SourceQuality "1"]

1. e4 c6 2. d4 d5 3. Nc3 dxe4 4. Nxe4 Nf6 5. Nxf6+ exf6 6. c3 Bd6 7. Bd3 0-0 8. Ne2 Re8 9. 0-0 Nd7 10. Ng3 g6 11. Bh6 f5 12. Qd2 Bf8 13. Rfe1 Nf6 14. Bg5 Be6 15. d5 cxd5 16. Bb5 h6 17. Bxf6 Qxf6 18. Bxe8 Rxe8 19. Ne2 Bd7 20. Nf4 Rd8 21. Rad1 Bc6 22. Qd4 Qg5 23. Nd3 b6 24. Qf4 Qf6 25. Qe5 Qh4 26. Qf4 Qxf4 27. Nxf4 Bd6 28. Ne2 Kf8 29. Nd4 Bd7 30. g3 h5 31. Kg2 f4 32. Rd2 Kg7 33. Rde2 Kf6 34. f3 g5 35. Kf2 Rh8 36. Kg2 fxg3 37. hxg3 h4 38. gxh4 gxh4 39. f4 Rg8+ 40. Kh1 Rg4 41. Rf1 Rxf4 42. Rxf4+ Bxf4 43. Rf2 Ke5 44. Nf3+ Ke4 45. Nxh4 f5 46. Re2+ Be3 47. Ng2 f4 48. Re1 Bg4 49. Nxe3 fxe3 50. Kg1 Kd3 51. Kg2 Kd2 52. Ra1 Bf5 53. Kf3 Be4+ 54. Kg3 b5 55. Rg1 a5 56. Rf1 e2 57. Rf2 Kd1 58. Rxe2 Kxe2 59. Kf4 Kd3 60. Ke5 Kc2 61. b3 0-1

[Event "AI Cup Div 2 W"]
[Site "Chess.com INT"]
[Date "2023.09.25"]
[Round "1.1"]
[White "Eljanov, Pavel"]
[Black "Sarana, Alexey"]
[Result "0-1"]
[WhiteElo "2695"]
[BlackElo "2693"]
[PlyCount "112"]
[EventDate "2023.09.25"]
[EventType "k.o. (rapid)"]
[EventRounds "5"]
[EventCountry "USA"]
[SourceTitle "EXT 2024"]
[Source "ChessBase"]
[SourceDate "2023.10.10"]
[SourceVersion "1"]
[SourceVersionDate "2023.10.10"]
[SourceQuality "1"]

1. Nf3 d5 2. g3 Nf6 3. Bg2 e6 4. 0-0 Be7 5. d3 c5 6. a4 Nc6 7. Bf4 Bd6 8. Bxd6 Qxd6 9. Na3 0-0 10. e4 dxe4 11. dxe4 Nxe4 12. Re1 Rd8 13. Qxd6 Nxd6 14. Rad1 f6 15. Nb5 Nf7 16. Rxd8+ Ncxd8 17. Nd2 a6 18. Na3 Rb8 19. a5 Kf8 20. Ne4 e5 21. Nxc5 Ne6 22. Na4 Bd7 23. Nb6 Ke7 24. f4 Bc6 25. Bxc6 bxc6 26. Nac4 Rd8 27. fxe5 fxe5 28. c3 Kf6 29. Rf1+ Ke7 30. Kf2 Nc5 31. Ke2 Nb3 32. Rd1 Ke6 33. Rxd8 Nxd8 34. Kd3 Nb7 35. Na4 h5 36. h3 g6 37. Ke3 N3xa5 38. Nd2 Nd6 39. b3 Nab7 40. g4 hxg4 41. hxg4 Ne8 42. Ne4 Nf6 43. Nec5+ Nxc5 44. Nxc5+ Kd6 45. Nxa6 Nxg4+ 46. Kf3 Nf6 47. c4 c5 48. Ke3 e4 49. Kf4 g5+ 50. Ke3 Kc6 51. b4 cxb4 52. Nxb4+ Kc5 53. Na6+ Kxc4 54. Nc7 Nd5+ 55. Kxe4 Nxc7 56. Kf5 Ne6 0-1

[Event "AI Cup Play In"]
[Site "Chess.com INT"]
[Date "2023.09.18"]
[Round "1"]
[White "Eljanov, Pavel"]
[Black "Csonka, Balazs"]
[Result "1-0"]
[WhiteElo "2695"]
[BlackElo "2469"]
[PlyCount "65"]
[EventDate "2023.09.18"]
[EventType "swiss (rapid)"]
[EventRounds "9"]
[EventCountry "USA"]
[SourceTitle "EXT 2024"]
[Source "ChessBase"]
[SourceDate "2023.10.10"]
[SourceVersion "1"]
[SourceVersionDate "2023.10.10"]
[SourceQuality "1"]

1. d4 d5 2. c4 c6 3. cxd5 cxd5 4. Bf4 Nf6 5. e3 a6 6. Nc3 Nc6 7. Bd3 Bg4 8. Nge2 e6 9. 0-0 Bxe2 10. Qxe2 Bd6 11. Bg5 0-0 12. Rac1 h6 13. Bh4 Rc8 14. a3 Be7 15. Rc2 Ne8 16. Bg3 Bd6 17. f4 f5 18. Rfc1 Nf6 19. Bh4 Qa5 20. h3 Ne7 21. g4 Ne4 22. Bxe7 Nxc3 23. Rxc3 Rxc3 24. Rxc3 Bxe7 25. gxf5 exf5 26. Qh5 Qb6 27. Bxf5 Qxb2 28. Rc7 Qa1+ 29. Kf2 Qa2+ 30. Bc2 Qxa3 31. Qxd5+ Kh8 32. Qe4 Bh4+ 33. Kg2 1-0

[Event "Titled Tuesday intern op 05th Sep Late"]
[Site "Chess.com INT"]
[Date "2023.09.05"]
[Round "11"]
[White "Eljanov, Pavel"]
[Black "Martinez Alcantara, Jose Eduardo"]
[Result "0-1"]
[WhiteElo "2695"]
[BlackElo "2611"]
[PlyCount "64"]
[EventDate "2023.09.05"]
[EventType "swiss (blitz)"]
[EventRounds "11"]
[EventCountry "USA"]
[SourceTitle "EXT 2024"]
[Source "ChessBase"]
[SourceDate "2023.10.10"]
[SourceVersion "1"]
[SourceVersionDate "2023.10.10"]
[SourceQuality "1"]

1. d4 Nf6 2. c4 g6 3. Nc3 Bg7 4. e4 d6 5. Be2 0-0 6. Be3 a5 7. Nf3 Bg4 8. 0-0 Nbd7 9. Nd2 Bxe2 10. Qxe2 c6 11. f4 Ne8 12. e5 c5 13. dxc5 dxe5 14. f5 gxf5 15. Rxf5 e6 16. Rg5 f5 17. Nf3 Qe7 18. Rd1 Rc8 19. Na4 e4 20. Qd2 Nxc5 21. Nxc5 Rxc5 22. Bxc5 Qxc5+ 23. Qd4 Qe7 24. Rxg7+ Qxg7 25. Ne5 Nf6 26. Qb6 Re8 27. Qxa5 f4 28. Rd8 f3 29. g3 Qg5 30. Rxe8+ Nxe8 31. Qc3 Nf6 32. Kf2 Qxe5 0-1

[Event "Titled Tuesday intern op 05th Sep Late"]
[Site "Chess.com INT"]
[Date "2023.09.05"]
[Round "3"]
[White "Eljanov, Pavel"]
[Black "Molenda, Marcin"]
[Result "1-0"]
[WhiteElo "2695"]
[BlackElo "2395"]
[PlyCount "85"]
[EventDate "2023.09.05"]
[EventType "swiss (blitz)"]
[EventRounds "11"]
[EventCountry "USA"]
[SourceTitle "EXT 2024"]
[Source "ChessBase"]
[SourceDate "2023.10.10"]
[SourceVersion "1"]
[SourceVersionDate "2023.10.10"]
[SourceQuality "1"]

1. d4 Nf6 2. c4 g6 3. Nc3 Bg7 4. e4 d6 5. Be2 0-0 6. Be3 e5 7. d5 a5 8. Nf3 Ng4 9. Bg5 f6 10. Bh4 Qe8 11. Nd2 Nh6 12. f3 Na6 13. Bf2 f5 14. a3 Bd7 15. b3 Kh8 16. 0-0 f4 17. Rb1 g5 18. b4 axb4 19. axb4 Rg8 20. c5 Bf8 21. h3 Qh5 22. Re1 Bxh3 23. gxh3 Qxh3 24. Bf1 Qh5 25. Bg2 Be7 26. Kf1 g4 27. Ke2 g3 28. Bg1 dxc5 29. bxc5 Bxc5 30. Bxc5 Nxc5 31. Rh1 Qg6 32. Nc4 Qa6 33. Rb5 Nd7 34. Qb3 Qa7 35. Nd1 Nc5 36. Qc3 Nf7 37. Nxe5 Qa2+ 38. Rb2 Qa6+ 39. Ke1 Rg7 40. Nxf7+ Kg8 41. Nh6+ Kf8 42. Nf5 Nd3+ 43. Kd2 1-0

[Event "Julius Baer Rapid Div 1 L"]
[Site "Chess.com INT"]
[Date "2023.08.31"]
[Round "1.1"]
[White "Eljanov, Pavel"]
[Black "Abdusattorov, Nodirbek"]
[Result "1/2-1/2"]
[WhiteElo "2695"]
[BlackElo "2725"]
[PlyCount "192"]
[EventDate "2023.08.31"]
[EventType "k.o. (rapid)"]
[EventRounds "4"]
[EventCountry "GER"]
[SourceTitle "EXT 2024"]
[Source "ChessBase"]
[SourceDate "2023.10.10"]
[SourceVersion "1"]
[SourceVersionDate "2023.10.10"]
[SourceQuality "1"]

1. d4 Nf6 2. c4 e6 3. Nc3 d5 4. cxd5 Nxd5 5. e4 Nxc3 6. bxc3 c5 7. Nf3 cxd4 8. cxd4 Bb4+ 9. Bd2 Bxd2+ 10. Qxd2 0-0 11. Bc4 Nd7 12. 0-0 b6 13. Rfe1 Bb7 14. Bb3 Rc8 15. Re3 Nf6 16. Rae1 Re8 17. Bc2 Qc7 18. Bb1 h6 19. h3 Red8 20. Rd1 b5 21. Ne5 a5 22. a3 Qb6 23. Rg3 Kf8 24. Re3 b4 25. axb4 Qxb4 26. Qxb4+ axb4 27. f3 Nd7 28. Nd3 Rb8 29. Nxb4 Bxe4 30. Rxe4 Rxb4 31. d5 Rxe4 32. fxe4 Nf6 33. Kf2 exd5 34. exd5 Rxd5 35. Rxd5 Nxd5 36. g3 Ke7 37. Be4 Nc3 38. Bc2 Kd6 39. Ke3 Ke5 40. h4 f5 41. Kf3 Ne4 42. Bd3 Nf6 43. Bc2 g6 44. Ba4 g5 45. hxg5 hxg5 46. Bc6 g4+ 47. Kf2 Kd4 48. Bb7 Ne4+ 49. Kg2 Nc3 50. Bc8 Nd1 51. Bd7 Ke4 52. Kg1 Nb2 53. Bc6+ Ke5 54. Bd7 Nc4 55. Kg2 Ke4 56. Kf2 Nd6 57. Bc6+ Kd3 58. Bd7 Ke4 59. Bc6+ Ke5 60. Bd7 Ne4+ 61. Kg2 Nc3 62. Bc8 Nd1 63. Bd7 Kd4 64. Kg1 Ne3 65. Kf2 Kd3 66. Bc8 Kd2 67. Bd7 Kd3 68. Bc8 Kd4 69. Bd7 Ke4 70. Bc6+ Nd5 71. Bb7 Ke5 72. Bc8 Nb6 73. Bb7 Nd7 74. Bc8 Nc5 75. Kg2 Na4 76. Bd7 Nb6 77. Bc6 Kd4 78. Kf2 Kd3 79. Bb5+ Kd2 80. Ba6 Kc3 81. Bb5 Kd4 82. Ba6 Nc4 83. Bc8 Ke5 84. Bd7 Nd6 85. Bc6 Ne4+ 86. Kg2 Nc5 87. Bb5 Ke4 88. Kf2 Kd4 89. Bc6 Nd3+ 90. Kg2 Ne5 91. Bb7 Nc4 92. Kf2 Nd6 93. Bc6 Ne4+ 94. Kg2 Ke3 95. Bd7 Nd6 96. Be6 Ke2 1/2-1/2

[Event "Julius Baer Rapid Div 1 W"]
[Site "Chess.com INT"]
[Date "2023.08.30"]
[Round "1.2"]
[White "Eljanov, Pavel"]
[Black "So, Wesley"]
[Result "0-1"]
[WhiteElo "2695"]
[BlackElo "2769"]
[PlyCount "56"]
[EventDate "2023.08.30"]
[EventType "k.o. (rapid)"]
[EventRounds "4"]
[EventCountry "GER"]
[SourceTitle "EXT 2024"]
[Source "ChessBase"]
[SourceDate "2023.10.10"]
[SourceVersion "1"]
[SourceVersionDate "2023.10.10"]
[SourceQuality "1"]

1. Nf3 c5 2. g3 d5 3. Bg2 Nc6 4. 0-0 Nf6 5. d3 g6 6. c4 Bg7 7. Nc3 0-0 8. Bf4 d4 9. Na4 Nd7 10. a3 e5 11. Bd2 Rb8 12. Ng5 Qc7 13. b4 b6 14. Rb1 h6 15. Nf3 Bb7 16. e4 Ne7 17. Qe2 f5 18. Ne1 Ba8 19. h4 Nf6 20. h5 Qd7 21. Nb2 Nxh5 22. exf5 Nxf5 23. Bxa8 Rxa8 24. g4 Nfg3 25. fxg3 Nxg3 26. Rxf8+ Rxf8 27. Qg2 Qxg4 28. Nc2 e4 0-1

[Event "Julius Baer Rapid Div 1 W"]
[Site "Chess.com INT"]
[Date "2023.08.30"]
[Round "1.1"]
[White "So, Wesley"]
[Black "Eljanov, Pavel"]
[Result "1-0"]
[WhiteElo "2769"]
[BlackElo "2695"]
[PlyCount "71"]
[EventDate "2023.08.30"]
[EventType "k.o. (rapid)"]
[EventRounds "4"]
[EventCountry "GER"]
[SourceTitle "EXT 2024"]
[Source "ChessBase"]
[SourceDate "2023.10.10"]
[SourceVersion "1"]
[SourceVersionDate "2023.10.10"]
[SourceQuality "1"]

1. e4 e5 2. Nf3 Nc6 3. Bc4 Bc5 4. 0-0 Nf6 5. d3 0-0 6. a4 a5 7. Nc3 h6 8. Be3 Bxe3 9. fxe3 d6 10. d4 exd4 11. exd4 Nxe4 12. Nxe4 d5 13. Bd3 dxe4 14. Bxe4 Qd6 15. c3 Bd7 16. Qb3 Rae8 17. Rae1 b6 18. Nd2 h5 19. Nc4 Qh6 20. d5 Na7 21. d6 Qg5 22. dxc7 Qc5+ 23. Kh1 Nc8 24. Bd3 Rxe1 25. Rxe1 Qxc7 26. Ne5 Nd6 27. Nxd7 Qxd7 28. Qxb6 Re8 29. Rf1 Re5 30. Qb8+ Re8 31. Qb6 Re5 32. b4 axb4 33. cxb4 Nc8 34. Qa6 Ne7 35. Qa8+ Nc8 36. Ba6 1-0

[Event "Julius Baer Rapid Div 1 W"]
[Site "Chess.com INT"]
[Date "2023.08.30"]
[Round "1.3"]
[White "So, Wesley"]
[Black "Eljanov, Pavel"]
[Result "1-0"]
[WhiteElo "2769"]
[BlackElo "2695"]
[PlyCount "111"]
[EventDate "2023.08.30"]
[EventType "k.o. (rapid)"]
[EventRounds "4"]
[EventCountry "GER"]
[SourceTitle "EXT 2024"]
[Source "ChessBase"]
[SourceDate "2023.10.10"]
[SourceVersion "1"]
[SourceVersionDate "2023.10.10"]
[SourceQuality "1"]

1. Nf3 g6 2. e4 Bg7 3. d4 d6 4. Bc4 e6 5. 0-0 Ne7 6. Qe2 a6 7. a4 b6 8. Rd1 Bb7 9. Nbd2 Nd7 10. c3 0-0 11. Bb3 h6 12. h4 Ra7 13. Nf1 Qa8 14. Bc2 Nf6 15. Re1 c5 16. Bf4 Rd8 17. dxc5 bxc5 18. Rad1 e5 19. Bc1 Nh5 20. Bb3 Bc6 21. Bc4 a5 22. Qc2 Nc8 23. Bb5 Nb6 24. c4 Bb7 25. Ng3 Nxg3 26. fxg3 Bc8 27. Rd3 Be6 28. b3 Nc8 29. Qd1 Qb8 30. Bb2 Rf8 31. Bc3 f5 32. Nd2 Qc7 33. Nf1 f4 34. Nh2 Qe7 35. gxf4 Qxh4 36. fxe5 Raf7 37. Nf3 Qg3 38. Ree3 Bg4 39. Qe1 Qxe1+ 40. Bxe1 Bxf3 41. Rxf3 Bxe5 42. Bxa5 Ne7 43. Bc7 Nc6 44. Rxf7 Rxf7 45. Bxd6 Bd4+ 46. Kh2 Ne5 47. Bxe5 Bxe5+ 48. g3 Rf2+ 49. Kg1 Ra2 50. g4 Bd4+ 51. Kh1 Kf7 52. Rf3+ Ke6 53. Be8 Ra1+ 54. Kg2 Ra2+ 55. Kh1 Be5 56. Bxg6 1-0